000 00483nam a2200193 4500
001 12237
005 20230410115427.0
008 060907n2002 dr spa
020 _a0195153111
035 _9funglode12333
041 _aEN
050 1 4 _aHD 58.8 M981f 2002
100 _aMurry, Elspeth J.
245 1 _aFast forward /
_cElspeth J. Murry
260 _aNew York :
_bOxford,
_c2002
300 _ax, 268 p.
700 _aRicharson, Peter R.
942 _2lcc
_cbk
999 _c40967
_d40967